LIBRARY ONLINE CATALOGUE

Philosophy of religion : (Record no. 19976)

MARC details
000 -LEADER
fixed length control field 00545nam a22001817a 4500
008 - FIXED-LENGTH DATA ELEMENTS--GENERAL INFORMATION
fixed length control field 230209b |||||||| |||| 00| 0 eng d
020 ## - INTERNATIONAL STANDARD BOOK NUMBER
International Standard Book Number 978-0830838769
050 ## - LIBRARY OF CONGRESS CALL NUMBER
Classification number BL51
Item number .E86 2009
100 ## - MAIN ENTRY--PERSONAL NAME
Personal name Evans, C. Stephen
245 ## - TITLE STATEMENT
Title Philosophy of religion :
Remainder of title Thinking about faith/
Statement of responsibility, etc. C. Stephen Evans & R. Zachary Manis
250 ## - EDITION STATEMENT
Edition statement 2nd ed.
260 ## - PUBLICATION, DISTRIBUTION, ETC. (IMPRINT)
Place of publication, distribution, etc. Dwners Grove, Illinois
Name of publisher, distributor, etc. IVP Academic
Date of publication, distribution, etc. 2009
300 ## - PHYSICAL DESCRIPTION
Extent 234p.
650 ## - SUBJECT ADDED ENTRY--TOPICAL TERM
Topical term or geographic name as entry element Religion
Form subdivision Philosophy
650 ## - SUBJECT ADDED ENTRY--TOPICAL TERM
Topical term or geographic name as entry element Philosophical theology
700 ## - ADDED ENTRY--PERSONAL NAME
Personal name Manis, R. Zachary
942 ## - ADDED ENTRY ELEMENTS (KOHA)
Source of classification or shelving scheme Library of Congress Classification
Koha item type General Collection
Holdings
Withdrawn status Lost status Source of classification or shelving scheme Not for loan Home library Current library Date acquired Cost, normal purchase price Inventory number Total Checkouts Full call number Barcode Date last seen Date last checked out Copy number Price effective from Koha item type
    Library of Congress Classification   Kabarak, Main Campus Kabarak, Main Campus 09/02/2023 5815.00 2175/2022 2 BL51 .E86 2009 C.1 34954 30/07/2025 14/07/2025 C.1 09/02/2023 General Collection